00649nam a2200193Ia 4500008004100000020001800041082001400059100003600073245004500109250000800154260003900162300002400201500000700225600002100232650005000253942000700303952012800310999001700438240925s9999 xx 000 0 und d a9788131790540 a004.6 KUR aKurose F. James; Ross W. Keith 0aComputer Networking: a top down approach a5th aLondon:bPearson educationc,2010. a660p.bNAfOriginal aNA aComputer Science aComputer science, information & general works cBK 001040708CSaUITUbUITUd2014-03-03eFair Book Centerg1150.00l0o004.6 KURpQ9835r2024-09-25 07:15:29w2024-09-25yBK c12334d12334